ნორმალური ფორმატი
MARC ფორმატი
ჩანაწერი Personal Name
ჩანაწერთა რაოდენობა, რომელიც გამოყენებულია: 2
001 - CONTROL NUMBER
- control field: 17350
003 - CONTROL NUMBER IDENTIFIER
- control field: GE_BSU
005 - DATE AND TIME OF LATEST TRANSACTION
- control field: 20230329165206.0
008 - FIXED-LENGTH DATA ELEMENTS
- fixed length control field: 230329|| aca||aabn | a|a d
040 ## - CATALOGING SOURCE
- Original cataloging agency: GE_BSU
- Transcribing agency: GE_BSU
100 ## - HEADING--PERSONAL NAME
- Personal name: Breitsameter, Anna
670 ## - SOURCE DATA FOUND
- Source citation: Work cat.: (GE_BSU)55485: Breitsameter, Anna , Menschen A2. 2 - Deutsch als Fremdsprache Arbeitsbuch /
